[Event "Regionalliga SW 9798"]
[Site "Bayern"]
[Date "1998.??.??"]
[Round "?.7"]
[White "Kneifel, Stefan"]
[Black "Rinkewitz, Werner"]
[Result "1-0"]
[WhiteElo "1975"]
[BlackElo "1860"]
[PlyCount "59"]
[EventDate "1997.10.??"]
[EventType "team-tourn"]
[EventRounds "9"]
[EventCountry "GER"]
[SourceTitle "EXT 2020"]
[Source "ChessBase"]
[SourceDate "2019.10.17"]
[SourceVersion "1"]
[SourceVersionDate "2019.10.17"]
[SourceQuality "1"]
[WhiteTeam "Garching"]
[BlackTeam "Obermenzing"]
[WhiteTeamCountry "GER"]
[BlackTeamCountry "GER"]

1. e4 e6 2. d4 d5 3. Nc3 Bb4 4. Bd2 dxe4 5. Qg4 Nf6 6. Qxg7 Rg8 7. Qh6 Nbd7 8. Nxe4 Bxd2+ 9. Nxd2 b6 10. f3 Bb7 11. 0-0-0 Qe7 12. Ne2 Rg6 13. Qh4 Nd5 14. Qxe7+ Kxe7 15. g3 c5 16. Re1 Rc8 17. Kb1 cxd4 18. Nxd4 Nc5 19. Bc4 a6 20. Rhf1 b5 21. Bxd5 Bxd5 22. f4 f6 23. f5 Rh6 24. fxe6 Rxh2 25. Nf5+ Kd8 26. e7+ Kd7 27. Ng7 Rxd2 28. e8Q+ Rxe8 29. Nxe8 Be4 30. Nxf6+ 1-0

[Event "Regionalliga SW 9596"]
[Site "Bayern"]
[Date "1995.??.??"]
[Round "?"]
[White "Huber, Marc"]
[Black "Rinkewitz, Werner"]
[Result "1-0"]
[WhiteElo "2030"]
[BlackElo "1885"]
[PlyCount "111"]
[EventDate "1995.10.??"]
[EventType "team-tourn"]
[EventRounds "9"]
[EventCountry "GER"]
[SourceTitle "EXT 1999"]
[Source "ChessBase"]
[SourceDate "1998.11.16"]
[SourceVersion "1"]
[SourceVersionDate "1998.11.16"]
[SourceQuality "1"]
[WhiteTeam "Garching"]
[BlackTeam "Obermenzing"]
[WhiteTeamCountry "GER"]
[BlackTeamCountry "GER"]

1. d4 Nf6 2. c4 e6 3. Nf3 d5 4. Nc3 Be7 5. Bg5 h6 6. Bh4 0-0 7. cxd5 exd5 8. Qc2 c6 9. e3 Ne4 10. Bxe7 Qxe7 11. Nxe4 dxe4 12. Nd2 Re8 13. Be2 Nd7 14. 0-0 Nf6 15. Rfe1 Bf5 16. Rab1 Nd5 17. a3 Rad8 18. Nc4 c5 19. dxc5 Qxc5 20. b4 Qe7 21. Qb2 Rc8 22. Rbc1 Red8 23. Na5 Nf6 24. Rxc8 Rxc8 25. Rc1 Rxc1+ 26. Qxc1 Be6 27. Qc3 Qd7 28. h3 Kh8 29. Nb3 Bxb3 30. Qxb3 Kg8 31. Qd1 Qxd1+ 32. Bxd1 Kf8 33. Bb3 Ke7 34. Kf1 b6 35. Ke2 Ne8 36. f3 exf3+ 37. gxf3 f6 38. Kd3 Kd6 39. Kd4 Nc7 40. Bc4 g5 41. Ke4 b5 42. Bb3 Ke7 43. Kf5 Ne8 44. Kg6 Nd6 45. f4 Nc4 46. Kxh6 gxf4 47. exf4 Nxa3 48. Kg7 Nc4 49. h4 a5 50. bxa5 Nxa5 51. h5 Nxb3 52. h6 Nc5 53. h7 Ne6+ 54. Kg8 Nxf4 55. h8Q b4 56. Qh4 1-0

[Event "Regionalliga SW 9495"]
[Site "Bayern"]
[Date "1995.??.??"]
[Round "?.8"]
[White "Rinkewitz, Werner"]
[Black "Angeli, Rudolf"]
[Result "0-1"]
[WhiteElo "1860"]
[BlackElo "1795"]
[PlyCount "111"]
[EventDate "1994.10.??"]
[EventType "team-tourn"]
[EventRounds "9"]
[EventCountry "GER"]
[SourceTitle "EXT 1999"]
[Source "ChessBase"]
[SourceDate "1998.11.16"]
[SourceVersion "1"]
[SourceVersionDate "1998.11.16"]
[SourceQuality "1"]
[WhiteTeam "Obermenzing"]
[BlackTeam "Haunstetten"]
[WhiteTeamCountry "GER"]
[BlackTeamCountry "GER"]

1. d4 Nf6 2. Nf3 g6 3. c4 c5 4. d5 b5 5. cxb5 a6 6. b6 Qxb6 7. Nc3 d6 8. e4 Nbd7 9. Be2 Bg7 10. 0-0 0-0 11. Qc2 Rb8 12. Rb1 a5 13. Bd2 Ba6 14. Na4 Qa7 15. Bxa6 Qxa6 16. Rfe1 Ng4 17. Bc3 Nde5 18. Nxe5 Nxe5 19. Rbd1 Rfc8 20. f4 Nc4 21. Bxg7 Kxg7 22. Qd3 Qb5 23. b3 Na3 24. Qxb5 Rxb5 25. Rc1 Rb4 26. Nb2 Ra8 27. Kf2 Rab8 28. Ke3 a4 29. Nxa4 c4 30. Red1 cxb3 31. axb3 Rxb3+ 32. Rd3 Rxd3+ 33. Kxd3 Rb4 34. Nc3 Nc4 35. Ra1 Nb6 36. Ra7 Kf6 37. g3 h5 38. Rb7 e5 39. fxe5+ dxe5 40. h4 Rd4+ 41. Ke2 Na4 42. Nb5 Rxe4+ 43. Kd2 Rb4 44. Rb8 Nc5 45. Kc3 Rg4 46. Rb6+ Ke7 47. Rc6 Rxg3+ 48. Kc4 Nd7 49. d6+ Ke6 50. Nc7+ Kf5 51. Nd5 Rg4+ 52. Kb5 Rd4 53. Nc7 Rxh4 54. Rc1 Rd4 55. Rf1+ Rf4 56. Rb1 0-1